Libro de oro de la vida. Pensamientos, sentencias, máximas, proverbios entresacados de las obras de los mejores filósofos y escritores nacionales y extranjeros. Edición ilustrada
Salvato in:
| Autore principale: | |
|---|---|
| Natura: | Libro |
| Lingua: | spagnolo |
| Pubblicazione: |
Barcelona
Montaner y Simón
1905
|
| Edizione: | 1a. ed |
| Soggetti: | |
| Tags: |
Aggiungi Tag
Nessun Tag, puoi essere il primo ad aggiungerne!!
|
MARC
| LEADER | 00000nam a2200000 a 4500 | ||
|---|---|---|---|
| 001 | UCJ6740 | ||
| 003 | CL-VaPUC | ||
| 008 | 070124e19050000SP |||||||||||||||||spa|d | ||
| 082 | 0 | 4 | |a 863 |b VIA |2 21 |
| 100 | 0 | |a Viada y Lluch, Luis C. |e author |9 513992 | |
| 245 | 1 | 0 | |a Libro de oro de la vida. Pensamientos, sentencias, máximas, proverbios entresacados de las obras de los mejores filósofos y escritores nacionales y extranjeros. Edición ilustrada |
| 250 | |a 1a. ed | ||
| 300 | |a 398 p | ||
| 942 | |c BK | ||
| 945 | |d 20070124 00:00:00 |a rinostro | ||
| 260 | |a Barcelona |b Montaner y Simón |c 1905 | ||
| 500 | |a Ilustraciones sin indizar | ||
| 650 | 0 | |a Ética |9 255099 | |
| 650 | 0 | |a Proverbios |9 269154 | |
| 650 | 0 | |a Salud |9 258663 | |
| 650 | 7 | |a ENFERMEDAD |2 CL-VaPUC |9 374111 | |
| 650 | 0 | |a Muerte |9 265114 | |
| 650 | 0 | |a Justicia |9 255408 | |
| 650 | 0 | |a Moda |9 346995 | |
| 650 | 7 | |a LUJO |2 CL-VaPUC |9 513993 | |
| 650 | 7 | |a PENSAMIENTOS |2 CL-VaPUC |9 378316 | |
| 650 | 0 | |a Ilustraciones |9 369481 | |
| 650 | 0 | |a Antología |9 327336 | |
| 650 | 7 | |a MARCA TIPOGRAFICA |2 CL-VaPUC |9 506100 | |
| 583 | |a last modification |c 20070124 00:00:00 |k Rodrigo Vera | ||
| 999 | |c 322842 |d 322840 | ||
| 952 | |0 0 |1 0 |4 0 |6 863_000000000000000_VIA_1905 |7 0 |8 X |9 401965 |a FDOBUD |b FDOBUD |d 2019-11-22 |i 1052276 |o 863 VIA 1905 |p 1052276 |r 2019-11-22 |w 2019-11-22 |y BK_X |k BUD | ||